000 00278nam a22001337a 4500
008 170405b xxu||||| |||| 00| 0 eng d
020 _a0716713624
041 _aeng
080 _23RD
_a 574
100 _a9
101 _aSHM
245 _aEARTH
_cPRESS, F
942 _2udc
_cBK
999 _c9813
_d9813